|
|
|
|
| LEADER |
00000nas a22000001 4500 |
| 001 |
ssj0000491199 |
| 003 |
WaSeSS |
| 005 |
20200512172242.0 |
| 006 |
m d |
| 007 |
cr n |
| 008 |
751101c19679999pk fr p s o0 a0eng |
| 010 |
|
|
|a sa 68010190
|
| 016 |
7 |
|
|a 0226524
|2 DNLM
|
| 016 |
7 |
|
|a P01380000
|2 DNLM
|
| 016 |
7 |
|
|a 007187739
|2 Uk
|
| 022 |
|
|
|l 0030-9869
|y 0030-9869
|
| 025 |
|
|
|a PL480:P-E-E-159
|
| 030 |
|
|
|a PJOPA5
|
| 035 |
|
|
|a (WaSeSS)ssj0000491199
|
| 040 |
|
|
|a DLC
|b eng
|c MUL
|d COO
|d DLC
|d RCS
|d OCL
|d NST
|d CRL
|d DLC
|d NLM
|d OCLCQ
|d UKMGB
|d CUS
|d OCLCQ
|d OCLCF
|d IAD
|d EUW
|d OCLCO
|d OCLCQ
|d OCLCO
|d OCLCA
|d DLC
|d OCLCO
|d OCLCA
|d WaSeSS
|
| 042 |
|
|
|a pcc
|
| 050 |
0 |
0 |
|a BF1
|b .P3
|
| 060 |
0 |
0 |
|a W1
|b PA356V
|
| 082 |
0 |
|
|a 150/.5
|
| 245 |
0 |
0 |
|a Pakistan journal of psychology
|h [electronic resource].
|
| 260 |
|
|
|a Karachi :
|b Institute of Clinical Psychology, University of Karachi
|
| 310 |
|
|
|a Semiannual,
|b 2014-
|
| 321 |
|
|
|a Quarterly
|
| 362 |
0 |
|
|a v. 1- July 1967-
|
| 506 |
|
|
|a License restrictions may limit access.
|
| 588 |
|
|
|a Latest issue consulted: Volume 45, number 1 (June 2014).
|
| 650 |
|
0 |
|a Psychology
|v Periodicals.
|
| 650 |
|
7 |
|a Psychology.
|2 fast
|0 (OCoLC)fst01081447
|
| 650 |
|
2 |
|a Psychology.
|
| 655 |
|
0 |
|a Electronic journals.
|
| 710 |
2 |
|
|a University of Karachi.
|b Institute of Clinical Psychology.
|
| 850 |
|
|
|a CU-SB
|a DLC
|a ICL
|a ICRL
|
| 856 |
4 |
0 |
|z Full text available from Research Library: 06/01/2009 to 12/31/2017
|u https://search.proquest.com/publication/616540
|